000 00794nam a2200253Ia 4500
003 OSt
005 20220918171104.0
006 a|||||r|||| 00| 0
007 ta
008 220917b |||||||| |||| 00| 0 eng d
020 _a9781138782846 (pbk)
_cUKP 28.99
024 _a317,328
037 _bBBS/33, 23/02/2017, Better Book Services
_cTextual
040 _aARTS
_cARTS
_beng
041 _2eng
_aeng
082 _aV6.P1, P0;Q6
100 _aThomson Alex Au.
_934006
245 0 _aIntroduction to African politics
260 _aLondon
_bRoutledge UK
_c2016
300 _ax,298p.
_ccm.
650 _aAFRICA - HISTORY; POLITICAL SCIENCE
_934007
942 _hV6.P1, P0;Q6
_cTEXL
_2CC
999 _c137808
_d137808